000 00938nam a2200289 a 4500
001 000110139
003 CHAP
005 20220329144119.0
008 140725s2014 it bdj |r| ||||||spa d
010 _a106601
011 _a107573
020 _a9789251079928
040 _cCHAP
082 0 4 _a639.2
_bF461y v.1086
245 1 0 _aDeveloping new approaches to global stock status assessment and fishery production potential of the seas /
_cpor Andrew A. Rosenberg ...[et al.].
260 _aRoma :
_bFAO,
_c2014.
300 _axi, 175 p. :
_bdiagrs., gráfs., maps., tabs.
490 1 _aPesca y Acuicultura circular
_v; 1086
590 _aE5995AHE
_b05
_c20140725
_lUCH01
_h1213
590 _aE5995AHE
_b05
_c20140725
_lUCH01
_h1214
590 _aE5995AHE
_b05
_c20140725
_lUCH01
_h1233
700 0 _aRosenberg, A. A.
_9100112
830 0 _aPesca y Acuicultura circular
_v; 1086
_987441
901 _aBK
942 _cLIBRO
942 _n0
999 _c106601
_d106601